Sloop : restoring my family's wooden sailboat - an adventure in old - fashioned values
| Main Author: | |
|---|---|
| Format: | Book |
| Published: |
New York :
Simon & Schuster ,
2008
|
| Subjects: |
MARC
| LEADER | 00000cam a2200000 7i4500 | ||
|---|---|---|---|
| 001 | 0000123713 | ||
| 005 | 20080903.0 | ||
| 020 | |a 0743202392 | ||
| 090 | 0 | 0 | |a 623.82260288 |b ROB |
| 100 | 1 | |a Robb, Daniel | |
| 245 | 1 | 0 | |a Sloop : |b restoring my family's wooden sailboat - an adventure in old - fashioned values |c Daniel Robb |
| 260 | |a New York : |b Simon & Schuster , |c 2008 | ||
| 300 | |a 317p. ; |c 22cm. | ||
| 650 | 0 | 0 | |a Boats and boating |x Conservation and restoration |
| 999 | |a 00218988 |b BUKU |c PINJAMAN |e PERPUSTAKAAN KOMUNITI PETALING JAYA | ||